000 01215cab a22002415a 4500
001 L140205
008 070912e20070908xxko f 000 0 eng d
035 _a(Sirsi) u140205
041 0 _aeng
100 1 _aNeale, Jon
245 0 0 _aEG
_boffices
260 _c2007
490 _aEstates Gazette
_v(0736) 8 September 2007, 109-129(16)
520 _aQuestions the relevance of the British Council of Offices within the marketplace. Their latest design standards were published in 2005. Agents and architects are already claiming that they are outdated. Examines the market effects of the emerging trend for councils to move out of their traditional premises. Reports on changes in the perception of the serviced office, driven by demand for flexibility. Presents a panel's opinions on the level of service provided to European office occupiers. Presents data on office tower developments from around the world.
590 _aKA
651 4 _aInternational
690 _aPROPERTY-COMMERCIAL PROPERTY-OFFICE PROPERTY-OFFICES
690 _aPROPERTY-COMMERCIAL PROPERTY-COMMERCIAL PROPERTY MARKET
700 1 _aHarris, David
700 1 _aKivlehan, Noella Pio
710 2 _aEstates Gazette
_9298
942 _n0
999 _c79232
_d79232